000 00351nam a2200109Ia 4500
008 171211s9999 xx 000 0 und d
245 _aDSLs in Action
245 _cDebasish Ghosh
260 _c2010
650 _xIT eBOOKS
856 _uhttps://docs.google.com/spreadsheets/d/1TBWZhI-07a-DZ4fE7lslYtxl1Xz5tEnX6E0Tsto4IXI/edit?ts=5a1e1782#gid=1373124554
999 _c349863
_d349863